Welcome to CU Library Online Public Access Catalogue (OPAC)

ZONDERVAN DICTIONARY OF BIBLE AND THEOLOGY WORDS (Record no. 7129)

MARC details
000 -LEADER
fixed length control field 00423nam a22001577a 4500
005 - DATE AND TIME OF LATEST TRANSACTION
control field 20250723180643.0
008 - FIXED-LENGTH DATA ELEMENTS--GENERAL INFORMATION
fixed length control field 250723b |||||||| |||| 00| 0 eng d
020 ## - INTERNATIONAL STANDARD BOOK NUMBER
International Standard Book Number 9780310240341
050 ## - LIBRARY OF CONGRESS CALL NUMBER
Classification number REF BR95
Item number .D44 DEN
100 ## - MAIN ENTRY--PERSONAL NAME
Personal name DEMOSS MATTHEW S.
245 ## - TITLE STATEMENT
Title ZONDERVAN DICTIONARY OF BIBLE AND THEOLOGY WORDS
260 ## - PUBLICATION, DISTRIBUTION, ETC.
Place of publication, distribution, etc. MICHIGAN
Name of publisher, distributor, etc. ZONDERVAN
Date of publication, distribution, etc. c2002
300 ## - PHYSICAL DESCRIPTION
Extent 268p
700 ## - ADDED ENTRY--PERSONAL NAME
Personal name MILLER EDWARD J.
942 ## - ADDED ENTRY ELEMENTS (KOHA)
Source of classification or shelving scheme Library of Congress Classification
Koha item type Books
Suppress in OPAC No
999 ## -
-- 7129
-- 7129
Holdings
Withdrawn status Lost status Source of classification or shelving scheme Damaged status Not for loan Collection Home library Current library Shelving location Date acquired Total checkouts Full call number Barcode Date last seen Copy number Price effective from Koha item type
    Library of Congress Classification     Reference Undergraduate Library (Christ Temple) Undergraduate Library (Christ Temple) General stacks 07/23/2025   REF BR95.D44 DEN ulct00004104 07/23/2025 1 07/23/2025 Books
    Library of Congress Classification     Reference Undergraduate Library (Christ Temple) Undergraduate Library (Christ Temple) General stacks 07/23/2025   REF BR95.D44 DEN ulct00004105 07/23/2025 2 07/23/2025 Books
© 2023-2024 Copyright: Central University Libraries. All Rights Reserved | Created by: Mahone Tech Office